| 000 -LEADER |
| fixed length control field |
00672nam a22002177a 4500 |
| 001 - CONTROL NUMBER |
| control field |
22929 |
| 003 - CONTROL NUMBER IDENTIFIER |
| control field |
BD-DhUAP |
| 005 - DATE AND TIME OF LATEST TRANSACTION |
| control field |
20260224114036.0 |
| 008 - FIXED-LENGTH DATA ELEMENTS--GENERAL INFORMATION |
| fixed length control field |
260224b2025 p|||| |||| 000 0deng d |
| 020 ## - INTERNATIONAL STANDARD BOOK NUMBER |
| International Standard Book Number |
9783037613009 |
| 040 ## - CATALOGING SOURCE |
| Original cataloging agency |
BD-DhUAP |
| Language of cataloging |
eng |
| Transcribing agency |
BD-DhUAP |
| Modifying agency |
BD-DhUAP |
| 082 ## - DEWEY DECIMAL CLASSIFICATION NUMBER |
| Edition number |
23 |
| Classification number |
720.95492 MUZ |
| 100 ## - MAIN ENTRY--PERSONAL NAME |
| Personal name |
Niklaus Graber, |
| 245 ## - TITLE STATEMENT |
| Title |
Space of Belonging : |
| Remainder of title |
The Architecture of Muzharul Islam / |
| 260 ## - PUBLICATION, DISTRIBUTION, ETC. |
| Place of publication, distribution, etc. |
Switzerland: |
| Name of publisher, distributor, etc. |
Quart Publishers; |
| Date of publication, distribution, etc. |
2025. |
| 300 ## - PHYSICAL DESCRIPTION |
| Extent |
319 p. : |
| Other physical details |
ill. (some col.), plans ; |
| Dimensions |
30 cm. |
| 650 ## - SUBJECT ADDED ENTRY--TOPICAL TERM |
| Topical term or geographic name entry element |
Muzharul Islam, |
| General subdivision |
Space of Belong |
| 650 ## - SUBJECT ADDED ENTRY--TOPICAL TERM |
| Topical term or geographic name entry element |
Muzharul Islam, |
| Form subdivision |
Architecture |
| 700 ## - ADDED ENTRY--PERSONAL NAME |
| Personal name |
Niklaus Graber, |
| Relator term |
editor. |
| 942 ## - ADDED ENTRY ELEMENTS (KOHA) |
| Source of classification or shelving scheme |
|
| Koha item type |
Book |